000 00272nam a22001217a 4500
008 181106b xxu||||| |||| 00| 0 eng d
041 _aeng
080 _a159.9
100 _a48
101 _aPSI
245 _aPersonality and Adjustment
_cLazarus,R.S
942 _2udc
_cBK
999 _c51979
_d51979